<?xml version="1.0" encoding="UTF-8"?>
<marc:record xmlns:marc="http://www.loc.gov/MARC21/slim">
   <marc:leader>00000nam a2200000 a 4500</marc:leader>
   <marc:datafield ind1="0" ind2="0" tag="245">
      <marc:subfield code="a">Der Karneval der Tiere</marc:subfield>
   </marc:datafield>
   <marc:datafield ind1="0" ind2="0" tag="245">
      <marc:subfield code="b">Mein musikalisches Bilderbuch</marc:subfield>
   </marc:datafield>
   <marc:datafield ind1=" " ind2="1" tag="264">
      <marc:subfield code="b">Ullmann Medien GmbH</marc:subfield>
      <marc:subfield code="c">2014</marc:subfield>
   </marc:datafield>
   <marc:datafield ind1="1" ind2=" " tag="520">
      <marc:subfield code="a">Nicht nur die beiden Affenkinder sind schon ganz aufgeregt, auch die anderen Tiere freuen sich ganz besonders auf diesen Tag - denn heute wird der Karneval der Tiere gefeiert. Elefanten, Löwen, Kängurus … alle sind sie da! Es wird musiziert, getanzt und einige Tiere führen sogar Kunststücke vor. Für gute Unterhaltung ist also bestens gesorgt!</marc:subfield>
   </marc:datafield>
</marc:record>
